• 首页
  • 本馆介绍
  • 公告通知
  • 最新文献
  • 馆藏检索
  • 电子资源
  • 读者导购
  • 参考咨询
  • 我的图书馆
  • 登录
  • 详细信息显示
  • 放入我的书架
  • 预约/预借图书
  • 作者相关作品
  • 分类相关作品
  • 丛书相关作品
  • 出版社相关作品

书目信息

  • 表格格式
  • 工作单格式
  • 卡片格式
书名: The Penguin dictionary of science
作者: [by] E. B. Uvarov and D. R. Chapman. Rev.
分册号:
分册名:
出版地: New York :
 
出版社: Schocken Books
出版时间: [1972, c1971].
页数: 443 p. :
开本: 24 cm.
丛书名:
中图分类号:
科图分类号:
其他分类号: H316
主题词:
电子资源:
000 00886cam 2200265 45x0
001 E0761487095
003 OCoLC
005 20070302170726.67
008 721002t19721971nyua d 000 0 eng
010    @a 72080043 //r853
020    @cCNY2.40.
040    @aDLC@cDLC
050 00 @aQ123@b.U8 1972
082    @a503
090    @aH316
099    @dH316@ex65
100 1  @aUvarov, E. B.@q(Eugene Boris),@d1910-
245 14 @aThe Penguin dictionary of science / @c[by] E. B. Uvarov and D. R. Chapman. Rev.
260    @aNew York :@bSchocken Books,@c[1972, c1971].
300    @a443 p. :@billus. ;@c24 cm.
500    @aFirst-2d ed. published in 1944 and 1959 under title: A dictionary of science.
650  0 @aScience@xDictionaries.
700 1  @aChapman, D. R.@q(Dennis Raymond),@d1926-@ejoint author.
700 1  @aIsaacs, Alan,@d1925-@eed.
920    @a232010@z2
    
    The Penguin dictionary of science / / [by] E. B. Uvarov and D. R. Chapman. Rev.-New York : : Schocken Books, , [1972, c1971].
    443 p. : : illus. ; ; 24 cm.
    First-2d ed. published in 1944 and 1959 under title: A dictionary of science.
    
    ISBN CNY2.40.
    
●
相关链接 在E读中查询图书 在五车中查询图书 在当当中查询图书 在豆瓣中查询图书


正题名:Penguin dictionary of science     索取号:H316/x65         预约/预借

序号 登录号 条形码 馆藏地/架位号 状态 备注
1 49059   001434335   密集书库/ [索取号:H316/x65] 在馆    
2 49060   001434362   第二样本阅览室/ [索取号:H316/x65] 在馆    
唐山师范学院图书馆 欢迎您!
大连网信软件有限公司© 版权所有